000 00597nam a2200217Ia 4500
003 OSt
005 20220928151849.0
006 a|||||r|||| 00| 0
007 ta
008 220927b |||||||| |||| 00| 0 eng d
024 _a131902
037 _cTextual
040 _aSDCL
_cSDCL
_beng
041 _2eng
_aeng
082 _aD6,8(B),277, N6-N6;2
100 _aKaralopoulos Stamatios V
_9518367
245 0 _aUnderstanding neural netwarks and fuzzy logic
260 _c1998
942 _hD6,8(B),277, N6-N6;2
_cTEXL
_2CC
999 _c853234
_d853234